| 000 -LEADER |
| fixed length control field |
02041cam a2200385 i 4500 |
| 001 - CONTROL NUMBER |
| control field |
19400557 |
| 003 - CONTROL NUMBER IDENTIFIER |
| control field |
OSt |
| 005 - DATE AND TIME OF LATEST TRANSACTION |
| control field |
20221230162328.0 |
| 008 - FIXED-LENGTH DATA ELEMENTS--GENERAL INFORMATION |
| fixed length control field |
161207s2018 mnua j b 001 0 eng |
| 010 ## - LIBRARY OF CONGRESS CONTROL NUMBER |
| LC control number |
2016052222 |
| 020 ## - INTERNATIONAL STANDARD BOOK NUMBER |
| International Standard Book Number |
9781632355263 (paperback : alkaline paper) |
| 040 ## - CATALOGING SOURCE |
| Original cataloging agency |
DLC |
| Language of cataloging |
eng |
| Transcribing agency |
DLC |
| Description conventions |
rda |
| Modifying agency |
DLC |
| -- |
KH8 |
| 042 ## - AUTHENTICATION CODE |
| Authentication code |
pcc |
| 043 ## - GEOGRAPHIC AREA CODE |
| Geographic area code |
a-cc--- |
| 082 00 - DEWEY DECIMAL CLASSIFICATION NUMBER |
| Classification number |
951 HER |
| Edition number |
23 |
| 100 1# - MAIN ENTRY--PERSONAL NAME |
| Personal name |
Herron, Pamela, |
| Relator term |
author. |
| 245 10 - TITLE STATEMENT |
| Title |
Exploring ancient China / |
| Statement of responsibility, etc. |
by Pamela Herron. |
| 264 #1 - PRODUCTION, PUBLICATION, DISTRIBUTION, MANUFACTURE, AND COPYRIGHT NOTICE |
| Place of production, publication, distribution, manufacture |
Mankato, MN : |
| Name of producer, publisher, distributor, manufacturer |
12-Story Library, |
| Date of production, publication, distribution, manufacture, or copyright notice |
[2018] |
| 300 ## - PHYSICAL DESCRIPTION |
| Extent |
32 pages : |
| Other physical details |
illustrations ; |
| Dimensions |
24 cm. |
| 336 ## - CONTENT TYPE |
| Content type term |
text |
| Content type code |
txt |
| Source |
rdacontent |
| 337 ## - MEDIA TYPE |
| Media type term |
unmediated |
| Media type code |
n |
| Source |
rdamedia |
| 338 ## - CARRIER TYPE |
| Carrier type term |
volume |
| Carrier type code |
nc |
| Source |
rdacarrier |
| 490 0# - SERIES STATEMENT |
| Series statement |
Exploring ancient civilizations |
| 504 ## - BIBLIOGRAPHY, ETC. NOTE |
| Bibliography, etc. note |
Includes bibliographical references (page 31) and index. |
| 505 0# - FORMATTED CONTENTS NOTE |
| Formatted contents note |
China--the oldest ancient civilization in the world -- Architecture in China -- Government of China -- Chinese religion and spiritual thought -- Chinese afterlife -- Agriculture and trade -- Family and social life -- Language and arts -- Science and innovation -- China's legacy to the world -- Fall...and rise -- Culture. |
| 520 2# - SUMMARY, ETC. |
| Summary, etc. |
"Examines the rise and fall of the ancient Chinese. Readers will come away with a comprehensive understanding of who the ancient Chinese were, how they built their empire, and what happened to their civilization"--Provided by publisher. |
| 521 2# - TARGET AUDIENCE NOTE |
| Target audience note |
Grades 4 to 6. |
| 651 #0 - SUBJECT ADDED ENTRY--GEOGRAPHIC NAME |
| Geographic name |
China |
| General subdivision |
Civilization |
| Chronological subdivision |
To 221 B.C. |
| Form subdivision |
Juvenile literature. |
| 651 #0 - SUBJECT ADDED ENTRY--GEOGRAPHIC NAME |
| Geographic name |
China |
| General subdivision |
Civilization |
| Chronological subdivision |
221 B.C.-960 A.D. |
| Form subdivision |
Juvenile literature. |
| 651 #0 - SUBJECT ADDED ENTRY--GEOGRAPHIC NAME |
| Geographic name |
China |
| General subdivision |
Civilization |
| Chronological subdivision |
960-1644 |
| Form subdivision |
Juvenile literature. |
| 776 08 - ADDITIONAL PHYSICAL FORM ENTRY |
| Relationship information |
Online version: |
| Main entry heading |
Herron, Pamela, author. |
| Title |
Exploring ancient China |
| Place, publisher, and date of publication |
Mankato, MN : 12-Story Library, [2018] |
| International Standard Book Number |
9781621435785 |
| Record control number |
(DLC) 2016057747 |
| 906 ## - LOCAL DATA ELEMENT F, LDF (RLIN) |
| a |
7 |
| b |
cbc |
| c |
orignew |
| d |
1 |
| e |
ecip |
| f |
20 |
| g |
y-gencatlg |
| 942 ## - ADDED ENTRY ELEMENTS (KOHA) |
| Source of classification or shelving scheme |
|
| Koha item type |
Books - Non Ficton |